LEADER 01220nam a2200229 u 4500 001 000000011807 003 CaOOAMICUS 005 20070226105451.0 008 941125s1835 it u000 u ita u 035 $a10290224 040 $aEFR(R)$bita$dBSR 100 1 $aFea, Carlo,$d1753-1836.$0(OLS)http://pul/name/7784 245 10$aConsiderazioni storiche, filosofiche, critiche, politiche su l'Impero romano da Romolo ad Augusto, secondo Lucio Floro, e da questo per l'epoca cristiana fino all'anno 767 /$cCarlo Fea. 260 $aRoma :$bStamperia della R. C. A.,$c1835. 300 $a94 p., [1] p. de pl. :$bill. ;$c22 cm 504 $aContains bibliographical references. 651 0$aRome$xHistory.$2//eng$0(OLS)http://pul/subject/3125 850 $aPUL 852 $aPUL$W1$xDP1 Antico 800$y27$m116 D 33$j16665$nBK-PRI$b $qStampati Antico$B16665$CPULBib$Z2$F16665 $H $81 941 1 $a15 996 $6245$aConsiderazioni storiche, filosofiche, critiche, politiche su l'Impero romano da Romolo ad Augusto, secondo Lucio Floro, e da questo per l'epoca cristiana fino all'anno 767$9(OLS)http://pul/title/17117 996 $6260$aRoma :$bStamperia della R. C. A.$9(OLS)http://pul/publisher/53445 LEADER 01067nam a2200217 u 4500 001 000000088859 003 CaOOAMICUS 005 20070226124545.0 008 051107s1957 sp cfh u000 u spa u 035 $a11067182 040 $aPUL(R)$bita 100 1 $aAznar, Manuel.$0(OLS)http://pul/name/22996 245 13$aEl Alcázar no se rinde :$bréplica a unas páginas del libro titulado "El yugo y las flechas" del escritor norteamericano Herbert L. Matthews /$cManuel Aznar. 260 $aMadrid :$bOgrama,$c1957. 300 $a201 p., [6] c. di tav. :$britr., facs. ;$c21 cm 651 4$aSpagna$xStoria.$0(OLS)http://pul/subject/2911 850 $aPUL 852 $aPUL$W1$xDP1 Fondo Pastorale$y55$mP7 A 22$j112451$nBK-PRI$b $qFondi$B112451$CPULBib$Z2$F112451 $H $81 941 1 $a1 996 $6245$aEl Alcázar no se rinde :$bréplica a unas páginas del libro titulado "El yugo y las flechas" del escritor norteamericano Herbert L. Matthews$9(OLS)http://pul/title/114794 996 $6260$aMadrid :$bOgrama$9(OLS)http://pul/publisher/78036